000 00591nam a22002297a 4500
003 UA-OsUOA
001 25418
007 ta
008 20040408b un ||||| |||| 00| 0 ukr d
090 _a34(094.4);349.444(477)
_bЖ72
942 _cBK
040 _aUA-OsUOA
_brus
_cUA-OsUOA
_dUA-OsUOA
245 _aЖилищный Кодекс Украины
_cСост. В.И .Пушкарук
300 _a80 с.
955 _a0
041 _arus
080 _a34(094.4);349.444(477)
260 _aКиев
_bВлад и Влада
_c1997
044 _aRU
650 7 _2UDC
999 _c311713
_d311713